| 000 | 00935nam a22003135b 4500 | ||
|---|---|---|---|
| 001 | 000473 | ||
| 003 | DO-SdBNP | ||
| 005 | 20221109095529.0 | ||
| 007 | 000473 | ||
| 008 | 960325s1995 sp | ||spa | ||
| 017 |
_a _b |
||
| 035 | _a | ||
| 040 |
_aBPMSU _bspa _cBPMSU _e |
||
| 080 | 0 | _a | |
| 082 |
_a833.91 _bE56h 1995 _222 |
||
| 100 | 1 |
_aEnde, Michael, _d1929-1995 |
|
| 245 | 1 | 3 |
_aLa historia interminable : _bde la A a la Z / _cMichael Ende ; con letras y dibujos de Roswitha Quadflieg ; traducción de Miguel Sáenz _h |
| 250 | _a | ||
| 260 |
_aMadrid : _bAlfaguara, _c1995. |
||
| 300 |
_a419 p. : _bil. ; _c23 cm |
||
| 500 | _a"Edición limitada homenaje a Michael Ende"--Cub. | ||
| 590 | _aInventariado, 2022/VM | ||
| 650 | 4 | _2Novela juvenil alemana | |
| 650 | 4 | _2 Literatura juvenil alemana | |
| 700 | 1 | _aQuadflieg, Roswitha | |
| 700 | 1 |
_aMiguel Sáenz, _etr. |
|
| 910 | _aVMateo V./ Validado | ||
| 942 |
_2ddc _cBK |
||
| 999 |
_c10574 _d10574 |
||